| 000 | 00446nam a2200145 a 4500 | ||
|---|---|---|---|
| 001 | 4541 | ||
| 003 | CDMR | ||
| 005 | 20130320111203.0 | ||
| 008 | 130130s2001||||||||||||||||||||||||||||d | ||
| 040 |
_aCDMR _bcat _cCPC GIRONA |
||
| 110 | 1 |
_92850 _aGirona _b -- Patronat Provincial de Turisme |
|
| 245 | 0 |
_aEstudi de la demanda turĂstica de la Costa Brava _b: Estiu 2001 |
|
| 260 |
_c2001 _bPatronat de Turisme Girona Costa Brava _aGirona |
||
| 942 |
_cMON _2ddc |
||
| 999 |
_c4541 _d4541 |
||